ბათუმის შოთა რუსთაველის სახელმწიფო უნივერსიტეტის ბიბლიოთეკა

აფხაზთა ჩვეულებითი სამართალი / (ბიბ.ჩანაწერი № 46926)

000 -ლიდერი
ფიქსირებული სიგრძის საკონტროლო ველი 01428nam a2200253Ia 4500
001 - საკონტროლო ნომერი
საკონტროლო ველი 13779
003 - საკონტროლო ნომრის იდენტიფიკატორი
საკონტროლო ველი GE_BSU
005 - ბოლო ოპერაციის თარიღი და დრო
საკონტროლო ველი 20240912170822.0
008 - ფიქსირებული სიგრძის მონაცემთა ელემენტები - ზოგადი ინფორმაცია
ფიქსირებული სიგრძის საკონტროლო ველი 181216s2014||||ge |||||||||||||| ||geo||
020 ## - წიგნის საერთაშორისო სტანდარტული ნომერი
International Standard Book Number 9789941072505
040 ## - კატალოგიზაციის წყარო
Transcribing agency GE_BSU
041 ## - ენის კოდი
Language code of text/sound track or separate title geo
080 ## - უნივერსალური ათობითი კლასიფიკაციის ინდექსი
Universal Decimal Classification number 632.934 წ-37
100 ## - მთავარი ჩანაწერი - პიროვნების სახელი
Personal name ბახია-ოქრუაშვილი, ს. (სალომე)
9 (RLIN) 18740
245 ## - ცნობა სათაურის შესახებ
Title აფხაზთა ჩვეულებითი სამართალი /
Statement of responsibility, etc სალომე ბახია-ოქრუაშვილი ; რედ. ბეჟან ხორავა.
264 ## - წარმოების, გამოცემის, დისტრიბუციის და სხვა ცნობები
გამოცემის, წარმოების, დისტრიბუციის... ადგილი თბილისი :
გამოცემის, წარმოების, დისტრიბუციის... სახელწოდება შპს "ირიდა,
გამოცემის, წარმოების, დისტრიბუციის... თარიღი 2014.
300 ## - ფიზიკური აღწერა
Extent 170 გვ. ;
Dimensions 21 სმ.
500 ## - ზოგადი შენიშვნა
General note იგნი იბეჭდება აფხაზეთის ა/რ განათლებისა და კულტურის სამინ. არსებ. აფხაზეთის მეცნიერთა მხარდაჭერის ფონდის ხელშეწყობით
504 ## - BIBLIOGRAPHY, ETC. NOTE
Bibliography, etc ბიბლიოგრ. ტექსტის შენიშვნებში
520 ## - SUMMARY, ETC.
Summary, etc რეზიუმე ინგლისურ ენაზე
653 ## - INDEX TERM--UNCONTROLLED
Uncontrolled term აფხაზთა ჩვეულებითი სამართალი
700 ## - ADDED ENTRY--PERSONAL NAME
Personal name ხორავა, ბეჟან
Relator term რედაქტორი
9 (RLIN) 14138
942 ## - ADDED ENTRY ELEMENTS (KOHA)
Koha item type წიგნი
Source of classification or shelving scheme
ეგზემპლარები
ჩამოწერის სტატუსი დაკარგული ეგზემპლარის სტატუსი კლასიფიკაციის წყარო ან თაროზე გაწყობის სქემა დაზიანების სტატუსი არ გაიცემა მუდმივი მდებარეობა (დაცვის ადგილი) ამჟამინდელი ადგილსამყოფელი თაროზე განთავსების ადგილი შეძენის თარიღი სრული შენახვის შიფრი შტრიხკოდი ბოლო ოპერაციის თარიღი ეგზემპლარის მიმდევრობითი ნომერი (კეტერი?) ფასის ძალაში შესვლის თარიღი ეგზემპლარის სახეობა
          ბათუმის შოთა რუსთაველის სახელმწიფო უნივერსიტეტის მთავარი ბიბლიოთეკა ბათუმის შოთა რუსთაველის სახელმწიფო უნივერსიტეტის მთავარი ბიბლიოთეკა წიგნსაცავი 2018-12-17 632.934 წ-37 27270 2018-12-17 27270 2018-12-17 წიგნი